00920nam a22002657a 4500003000500000008004100005020001800046040001400064041001300078082003100091100002900122245001900151250002600170260004000196300002500236336002700261337003300288338002900321650002600350650003900376650003200415942001700447952017300464999001700637BPGM251218b2012 mx gr|||| 001 f spa d a968-7711-79-5 aBPGMbspa aspahspa042868MaR465/ CONACULTA, DGB aENRÍQUEZ PEREA ALBERTO aALFONSO REYES  aPRIMERA EDICIONb2012 aMEXICObEDICIONES CAL Y ARENAc2012 a855 PÁGINASc17 cm 2rdacontentatextobtxt 2rdamediaasin mediaciónbn 2rdacarrieravolumen bnc 2LITERATURA Y RETORICA 2LATERATURA ESPAÑOLA Y PORTUGUESA 2ESCRITOS VARIOS ESPAÑOLES 2ddccGENERAL 00102ddc40728GENERALaBPCEFCbBPCEFCcACCESO "B" PLANTA BAJA d2025-12-18eDONACIÓNl0o688M/ R465/ CONACULTA, DGBr2025-12-18 18:06:28tEJ.1w2025-12-18yGENERAL c68442d68442